000 00701nam a22002417a 4500
003 UA-OsUOA
001 47035
007 ta
008 20120530b un ||||| |||| 00| 0 ukr d
100 _aLupul M.R.
090 _a94(477).152 (K)
942 _cBK
040 _aUA-OsUOA
_beng
_cUA-OsUOA
_dUA-OsUOA
245 _aUkrainian Canadians, Multiculturalism, and Separatizm: An Assessment.
300 _a177 p.
955 _a1
041 _aeng
080 _a94(477).152 (K)
260 _c1978
650 7 _a9 Географія. Біографії. Історія
_2UDC
999 _c427143
_d427143